000 01220cam a2200289 4500
001 ABS63129
008 000000n2000 000 0 eng u
035 _a(Sirsi) u109450
100 _aHollis, M
245 _aSeven pillars of surveying
260 _c2000
490 _aThe Valuer
_v69(6) November/December 2000, 6-8(3)
520 _aExamines the seven locations that provide the necessary information to produce a good building survey. Suggests that a good survey should warn against all the potential building defects that may occur in the next couple of years. Identifying these defects can be done if surveyors make careful observations of the following aspects: surrounds; ground; exposure; construction; junctions; recording observations from different viewpoints; reflecting during and after the task.
590 _aABS
650 _aBUILDING SURVEYS
650 _aSURVEYORS
650 _aEXPOSURE
650 _aJUNCTIONS
650 _aNEIGHBOURHOOD
650 _aINSPECTIONS
650 _aBUILT ENVIRONMENT
650 _aBUILDING DEFECTS
650 _aBUILT ENVIRONMENT-CONSTRUCTION DESIGN
650 _aBEST PRACTICE
690 _aBUILT ENVIRONMENT-BUILDING INSPECTION
942 _n0
999 _c65335
_d65335